Uso de normas jurídicas y toma de decisiones
Guardat en:
| Autor principal: | |
|---|---|
| Format: | Llibre |
| Idioma: | espanyol |
| Publicat: |
Barcelona
Gedisa
2003
|
| Edició: | 1a. ed |
| Col·lecció: | Cla-De-Ma. Filosofía del Derecho
|
| Matèries: | |
| Etiquetes: |
Afegir etiqueta
Sense etiquetes, Sigues el primer a etiquetar aquest registre!
|
MARC
| LEADER | 00000nam a2200000 a 4500 | ||
|---|---|---|---|
| 001 | UCK7956 | ||
| 003 | CL-VaPUC | ||
| 008 | 060105e20030000SP |||||||||||||||||spa|d | ||
| 020 | |a 8474329353 | ||
| 082 | 0 | 4 | |a 340.11 |b CAL |2 21 |
| 100 | |a Calvo Soler, Raúl |e author |9 497690 | ||
| 245 | 1 | 0 | |a Uso de normas jurídicas y toma de decisiones |
| 250 | |a 1a. ed | ||
| 300 | |a 251 p | ||
| 942 | |c BK | ||
| 945 | |d 20060105 00:00:00 |a cmena | ||
| 260 | |a Barcelona |b Gedisa |c 2003 | ||
| 650 | 0 | |a Filosofía del derecho |9 255050 | |
| 650 | 0 | |a Racionalismo |9 259116 | |
| 650 | 0 | |a Toma de decisiones |9 257530 | |
| 650 | 0 | |a Normas jurídicas |9 258310 | |
| 583 | |a last modification |c 20060105 00:00:00 |k Rodrigo Vera | ||
| 490 | 0 | |a Cla-De-Ma. Filosofía del Derecho | |
| 999 | |c 315794 |d 315792 | ||
| 952 | |0 0 |1 0 |4 0 |6 340_110000000000000_CAL_2003 |7 0 |8 A |9 389553 |a BIBDER |b BIBDER |d 2019-11-22 |i 4197283 |o 340.11 CAL 2003 |p 4197283 |r 2023-01-25 |w 2019-11-22 |y BK |k DER | ||